La ciudad indecible
-д хадгалсан:
| Үндсэн зохиолч: | |
|---|---|
| Формат: | Ном |
| Хэл сонгох: | испани |
| Хэвлэсэн: |
Valparaíso
Victoria
1958
|
| Нөхцлүүд: | |
| Шошгууд: |
Шошго нэмэх
Шошго байхгүй, Энэхүү баримтыг шошголох эхний хүн болох!
|
MARC
| LEADER | 00000nam a2200000 a 4500 | ||
|---|---|---|---|
| 001 | UCZ7659 | ||
| 003 | CL-VaPUC | ||
| 008 | 960109e19580000CL |||||||||||||||||spa|d | ||
| 082 | 0 | 4 | |a Ch861 |b VIA |2 21 |
| 100 | 0 | |a Vial de los Heros, Sara |e author |9 352646 | |
| 245 | 1 | 3 | |a La ciudad indecible |
| 300 | |a 58 p | ||
| 942 | |c BK | ||
| 945 | |d 19960109 00:00:00 |a rleighto | ||
| 260 | |a Valparaíso |b Victoria |c 1958 | ||
| 650 | 0 | |a Poesías chilenas |9 265280 | |
| 583 | |a last modification |c 19960109 00:00:00 |k Rodrigo Vera | ||
| 999 | |c 243706 |d 243704 | ||
| 952 | |0 0 |1 0 |4 0 |6 CH_861_000000000000000_VIA_1958 |7 0 |8 ? |9 257482 |a BIBEDU |b BIBEDU |d 2019-11-19 |i 3167534 |o Ch861 VIA 1958 |p 3167534 |r 2019-11-19 |w 2019-11-19 |y BK |k LIT | ||